Análisis clínicos (Record no. 31409)

MARC details
000 -LEADER
campo de control de longitud fija 00720nam a2200217 i 4500
001 - NÚMERO DE CONTROL
campo de control 31409
003 - IDENTIFICADOR DE NÚMERO DE CONTROL
campo de control ES-MaACL
005 - FECHA Y HORA DE LA ÚLTIMA TRANSACCIÓN
campo de control 20230906154355.0
007 - CAMPO FIJO DE DESCRIPCIÓN FÍSICA--INFORMACIÓN GENERAL
campo de control de longitud fija t|
008 - DATOS DE LONGITUD FIJA--INFORMACIÓN GENERAL
campo de control de longitud fija 030129s1985 sp ||||1| spa d
020 ## - NÚMERO INTERNACIONAL ESTÁNDAR DEL LIBRO
Número Internacional Estándar del Libro 84-291-5505-8
100 1# - ENTRADA PRINCIPAL--NOMBRE DE PERSONA
Nombre de persona Bauer, John D.
9 (RLIN) 26553
245 10 - MENCIÓN DEL TÍTULO
Título Análisis clínicos
Resto del título : métodos e interpretación /
Mención de responsabilidad, etc. John D. Bauer ; traducido por Ana Calderón Ruiz... [et al.] ; revisado por Rogelio Areal Guerra.
260 ## - PUBLICACIÓN, DISTRIBUCIÓN, ETC.
Lugar de publicación, distribución, etc. Barcelona, etc. :
Nombre del editor, distribuidor, etc. Reverté,
Fecha de publicación, distribución, etc. [1985]
300 ## - DESCRIPCIÓN FÍSICA
Extensión XII, 1302 p. :
Otras características físicas il. ;
Dimensiones 26 cm.
500 ## - NOTA GENERAL
Nota general Indice.
504 ## - NOTA DE BIBLIOGRAFÍA, ETC.
Nota de bibliografía, etc. Bibliografía.
700 1# - ENTRADA AGREGADA--NOMBRE PERSONAL
Nombre de persona Calderón Ruiz, Ana.
9 (RLIN) 33630
700 1# - ENTRADA AGREGADA--NOMBRE PERSONAL
Nombre de persona Areal Guerra, Rogelio.
9 (RLIN) 22560
852 ## - LOCALIZACIÓN
Ubicación ES-MaACL
Número de control de estantería G-7030
Sublocalización o colección R.114792
Holdings
Estatus retirado Estado de pérdida Estado de daño No para préstamo Biblioteca de origen Biblioteca actual Ubicación en estantería Fecha de adquisición Fuente de adquisición Total de préstamos Signatura topográfica completa Código de barras Visto por última vez Precio de reemplazo Tipo de ítem Koha
        Biblioteca del Ateneo de Madrid Biblioteca del Ateneo de Madrid Depósito 2 17/01/2008     G-7030 1032457 23/02/2023 23/02/2023 Libro impreso